000 01028nam a2200205 a 4500
001 000022269
005 20240409073640.0
008 100921t1992 dr acd 001 0dspa d
040 _aDO-SdBNP
_bspa
_cBNPHU
082 _a972.93053
_bF825e
100 1 _aFranco, Franklin J.,
_d1936-
_946020
245 1 3 _aLa Era de Trujillo /
_cFranklin J. Franco.
260 _aSanto Domingo :
_bFundación Cultural Dominicana,
_c1992.
300 _a198 p. :
_bil., gráfcs., retrs. ;
_c23 cm.
500 _aIncluye índice onomástico.
505 0 _gNota introductoria --
_tAntecedentes --
_tEl gobierno de Horacio Vásquez --
_tEl efímero gobierno de Estrella Ureña --
_tTrujillo inicia su mandato --
_tHacia la consolidación de la dictadura --
_tEl gobierno títere de Peynado y Troncoso --
_tTrujillo y las empresas azucareras --
_tSe inicia la crisis de la dictadura.
590 _aInventariado, 2019/BT
651 4 _aRepública Dominicana
_xPolítica Y Gobierno
_yERA DE TRUJILLO, 1930-1961
_91374
910 _aValidado. Control de calidad. EMS
999 _c21767
_d21767